The essentials of chemistry / (Record no. 6289)

MARC details
000 -LEADER
fixed length control field 00581cam a2200205u 4500
001 - CONTROL NUMBER
control field BD-DhSAU 6289
003 - CONTROL NUMBER IDENTIFIER
control field BD-DhSAU
005 - DATE AND TIME OF LATEST TRANSACTION
control field 20150507125928.0
008 - FIXED-LENGTH DATA ELEMENTS--GENERAL INFORMATION
fixed length control field 821215s1956 onca r 001 0 eng
040 ## - CATALOGING SOURCE
Original cataloging agency BD-DhSAU
082 ## - DEWEY DECIMAL CLASSIFICATION NUMBER
Edition number 22
Classification number 540
Item number GRE
100 1# - MAIN ENTRY--PERSONAL NAME
Personal name Graham, R. P.
Fuller form of name (Ronald Powell),
Dates associated with a name 1915-
245 04 - TITLE STATEMENT
Title The essentials of chemistry /
Statement of responsibility, etc. by R. P. Graham and L. H. Cragg.
260 ## - PUBLICATION, DISTRIBUTION, ETC. (IMPRINT)
Place of publication, distribution, etc. Toronto :
Name of publisher, distributor, etc. Clarke, Irwin,
Date of publication, distribution, etc. c1956.
300 ## - PHYSICAL DESCRIPTION
Extent 606 p. :
Other physical details ill. ;
Dimensions 25 cm.
504 ## - BIBLIOGRAPHY, ETC. NOTE
Bibliography, etc Includes index.
590 ## - Name of Cataloguer
Name of Cataloger joy
650 #0 - SUBJECT ADDED ENTRY--TOPICAL TERM
Topical term or geographic name as entry element Chemistry.
700 1# - ADDED ENTRY--PERSONAL NAME
Personal name Cragg, Laurence Harold,
942 ## - ADDED ENTRY ELEMENTS (KOHA)
Source of classification or shelving scheme Dewey Decimal Classification
Koha item type Book
Holdings
Withdrawn status Lost status Source of classification or shelving scheme Damaged status Not for loan Collection code Home library Branch Name Shelving location Date acquired Total Checkouts Full call number Barcode Date last seen Price effective from Koha item type
    Dewey Decimal Classification   Not For Loan Reference SAU Library SAU Library Reference 21/12/1986   540 GRE 10346 07/05/2015 07/05/2015 Book